logo

Bir Sreshtho Munshi Abdur Rouf Library
Jhenaidah Cadet College

বঙ্গবন্ধুর বাল্য-কৈশোর ও অন্যান্য প্রসঙ্গ / (Record no. 7462)

MARC details
000 -LEADER
fixed length control field 00794nam a22002177a 4500
003 - CONTROL NUMBER IDENTIFIER
JCCL marc code BD-JhCC
005 - DATE AND TIME OF LATEST TRANSACTION
control field 20180210165443.0
008 - FIXED-LENGTH DATA ELEMENTS--GENERAL INFORMATION
fixed length control field 180210s1996 |||| |||| 00| 0 d
020 ## - INTERNATIONAL STANDARD BOOK NUMBER
International Standard Book Number 9841103969
035 ## - SYSTEM CONTROL NUMBER
system control number (BD-JhCC)
040 ## - CATALOGING SOURCE
Original cataloging agency BD-JhCC
Modifying agency BD-JhCC
041 ## - LANGUAGE CODE
Language code of Book ben
082 ## - DEWEY DECIMAL CLASSIFICATION NUMBER
Classification number 923
Author mark and Year RAH 1996
100 ## - MAIN ENTRY--PERSONAL NAME
Personal name রাহমান, মোহাম্মদ সাইদুর
245 ## - TITLE STATEMENT
Title বঙ্গবন্ধুর বাল্য-কৈশোর ও অন্যান্য প্রসঙ্গ /
Statement of responsibility, etc মোহাম্মদ সাইদুর রাহমান
260 ## - PUBLICATION, DISTRIBUTION, ETC. (IMPRINT)
Place of publication, distribution, etc ঢাকা :
Name of publisher, distributor, etc আহমদ পাবলিশিং হাউস,
Date of publication, distribution, etc ১৯৯৬.
300 ## - PHYSICAL DESCRIPTION
Pagination ৮০ পৃ. :
Dimensions ২২ সেমি.
650 ## - SUBJECT ADDED ENTRY--TOPICAL TERM
Topical term or geographic name as entry element Biography
942 ## - ADDED ENTRY ELEMENTS (KOHA)
Source of classification or shelving scheme Dewey Decimal Classification
Koha item type Books

No items available.


JCC Library | Contacts | JCC Home

Last Update on 23 September 2017
Copyright @ 2017-2020 JCC Rouf Library
Rouf Library, Jhenidah Cadet College (JCC), Bangladesh